| 000 | 01179naa a22003257u 4500 | ||
|---|---|---|---|
| 001 | 06291 | ||
| 003 | HDC | ||
| 007 | cr bn ---aaaaa | ||
| 008 | 210123s2009 flu eng | ||
| 040 | _aHDC | ||
| 100 |
_aMittal, Gauri S., _eauthor _96632 |
||
| 245 | 0 |
_aADVANCES IN DEEP-FAT FRYING OF FOODS : _bPhysical Properties of Fried Products / _cby Gauri S. Mittal ; edited by Serpil Sahin and Servet Gülüm Sumnu |
|
| 260 |
_aBoca Raton : _bCRC Press, _c2009 |
||
| 300 | _a28 pages | ||
| 336 |
_atext _2rdacontent |
||
| 337 |
_acomputer _2rdamedia |
||
| 338 |
_aonline resource _2rdacarrier |
||
| 500 | _aOriginal from book | ||
| 504 | _aIncludes bibliographical references and index. | ||
| 650 |
_aDeep frying _96617 |
||
| 650 |
_aFood _xAnalysis _9471 |
||
| 650 |
_aFood _xComposition _95417 |
||
| 650 |
_aOils and fats, Edible _96618 |
||
| 700 |
_aSahin, Serpil, _eeditor _96619 |
||
| 700 |
_aSumnu, Servit Gulum, _eeditor _96620 |
||
| 856 | _zRequest full-text at [email protected] | ||
| 942 | _2lcc | ||
| 942 | _cCHAP | ||
| 942 | _kEBCH 000163 | ||
| 999 |
_c3615 _d3615 |
||